Parole italiane che derivano dallo spagnolo - Statistics

Statistiche generali
  • Questo quiz è stato fatto 85 volte
  • Il punteggio medio è 6 su 10
Statistiche sulle risposte
Indizio Parola % Corretto
Copricapo protettivo, costruito in materiale resistente, che può anche essere dotato di una visiera; è obbligatorio indossarlo quando ci si trova a bordo di una motocicletta. Casco
90%
Sinonimo di "dono", "presente", "omaggio". Regalo
88%
Edificio deputato al culto nella religione islamica. Moschea
82%
Piccolo utensile, generalmente in metallo, utilizzato per mangiare: ad esempio una forchetta, un coltello o un cucchiaio. Posata
68%
Distruttivo fenomeno meteorologico, simile a un ciclone, che si crea nell'oceano Atlantico e investe generalmente lo spazio caraibico o la costa orientale degli Stati Uniti. Uragano
59%
Sinonimo di "colpo di stato", "coup" o "putsch". Golpe
58%
Compressa medicinale, preparazione farmaceutica solida con la forma di un piccolo disco. Pastiglia
44%
Costruzione provvisoria, in genere di legno o lamiera; lo si dice anche di un'abitazione in cattive condizioni. Baracca
41%
Significa "vile", "codardo", "senza onore". Vigliacco
33%
Insieme dei locali che costituiscono l'abitazione di qualcuno; in un unico stabile possono essercene diversi. Appartamento
32%
Nessun quiz corrispondente trovato
Distribuzione punteggi
Percentuale di utenti per punteggio
Percentile per numero di risposta
I tuoi punteggi nel tempo
Non hai fatto questo quiz